Statistiques concernant Villes les plus peuplées du monde commençant par M

Cliquez ici pour prendre le quiz!

Statistiques générales

  • Ce quiz a été pris 216 fois
  • Le résultat moyen est 7 sur 10

Statistiques - réponses

PaysVilles% Correct
EspagneMadrid
100%
MexiqueMexico
99%
RussieMoscou
99%
PhilippinesManille
94%
ItalieMilan
94%
AustralieMelbourne
87%
États-UnisMiami
67%
MexiqueMonterrey
39%
IndonésieMedan
16%
PakistanMoultan
7%

Distribution des résultats

Percentile par nombre de réponses

% des personnes avec chaque résultat

Votre développement - résultats

Vous n’avez pas pris ce quiz